| 000 | 00325pam a2200133 a 4500 | ||
|---|---|---|---|
| 020 | _c | ||
| 041 | _h | ||
| 082 |
_a741.24 _bDEH |
||
| 100 | _aRahul deshpande. | ||
| 245 |
_aRangmadhya Parichay Colour Pencil _hTextual Documents |
||
| 260 |
_a[s.l]: _bJyotsna Prakashan Pune, _c2007. |
||
| 300 |
_a46: _bpaper. |
||
| 930 | _a7336 | ||
| 999 |
_c241126 _d241126 |
||